000 00288nam a22001337a 4500
008 190227b xxu||||| |||| 00| 0 eng d
020 _a0130004561
041 _aeng
080 _24th
_a101
100 _a24
101 _aFIL
245 _aAbout Philosophy
_cWolff, R.P
942 _2udc
_cBK
999 _c54372
_d54372